| 000 | 00392nam a2200133Ia 4500 | ||
|---|---|---|---|
| 008 | 151021s9999 xx 000 0 und d | ||
| 020 | _a435909800 | ||
| 050 | _aPZ4 .L178 1972 | ||
| 245 | _a_In the fog of the seasons end humane,careful and very moving Alex La Guma | ||
| 260 | _aJohannesburg Heinemann 1972 | ||
| 300 | _a181p. | ||
| 650 | _a_Novel | ||
| 980 | _a^d20130806 11:09:58^oanne | ||
| 999 |
_c14335 _d14335 |
||